| 000 | 00581nai a2200181Ia 4500 | ||
|---|---|---|---|
| 003 | IN-BaIIA | ||
| 008 | 211028c9999 xx s 000 0 eng d | ||
| 022 | _a0956-666X (Print) | ||
| 022 | _a1863-5377 (Online) | ||
| 040 | _cIIA Library | ||
| 245 | 0 |
_aLipid Technology _h[eJournal] |
|
| 260 |
_aNew Jersey _bJohn Wiley & Sons |
||
| 310 | _aMonthly | ||
| 362 | _a18(12); 2006 - 29(12); 2017 | ||
| 521 | _bSubscribed through National Knowledge Resource Consortium (NKRC) | ||
| 856 |
_uhttps://onlinelibrary.wiley.com/journal/18635377 _yClick Here to Access eJournal |
||
| 942 | _cEJ | ||
| 999 |
_c35278 _d35278 |
||